Computers today (Record no. 164861)

000 -LEADER
fixed length control field 00370nam a2200133Ia 4500
008 - FIXED-LENGTH DATA ELEMENTS--GENERAL INFORMATION
fixed length control field 220217s9999||||xx |||||||||||||| ||und||
020 ## - INTERNATIONAL STANDARD BOOK NUMBER
International Standard Book Number 81-86340-74-2
082 ## - DEWEY DECIMAL CLASSIFICATION NUMBER
Classification number 004 BAS
100 ## - MAIN ENTRY--PERSONAL NAME
Personal name Basandra, Suresh K
245 #0 - TITLE STATEMENT
Title Computers today
260 ## - PUBLICATION, DISTRIBUTION, ETC.
Place of publication, distribution, etc. Galgotia publications pvt. ltd.
Name of publisher, distributor, etc. New Delhi
Date of publication, distribution, etc. 1999
300 ## - PHYSICAL DESCRIPTION
Extent lxiv,14480p
Other physical details 320
650 ## - SUBJECT ADDED ENTRY--TOPICAL TERM
Topical term or geographic name entry element COMPUTER SCIENCE
Holdings
Withdrawn status Lost status Damaged status Not for loan Collection code Home library Current library Shelving location Date acquired Total Checkouts Full call number Barcode Date last seen Date last checked out Price effective from Koha item type
        Computer Science and Engineering Central Library Central Library Book Cart 02/18/2022 1 004 BAS 50 06/20/2022 06/20/2022 02/18/2022 Books

Powered by Koha